Drapeaux en 15 secondes #7 - Statistiques

Statistiques générales
  • Ce quiz a été pris 214 fois
  • Le résultat moyen est 4 sur 15
Statistiques - réponses
Hint Réponse % Correct
Éthiopie 🇪🇹
38%
Nigeria 🇳🇬
37%
Guinée 🇬🇳
35%
Cap-vert 🇨🇻
34%
Libye 🇱🇾
33%
Érythrée 🇪🇷
31%
Burundi 🇧🇮
30%
Zimbabwe 🇿🇼
30%
Soudan 🇸🇩
29%
Sao tomé-et-principe 🇸🇹
29%
Seychelles 🇸🇨
28%
Liberia 🇱🇷
24%
Guinée-bissau 🇬🇼
18%
Soudan du sud 🇸🇸
15%
Eswatini 🇸🇿
12%
Aucun quiz correspondant
Distribution des résultats
% des personnes avec chaque résultat
Percentile par nombre de réponses
Votre historique - résultats
Vous n’avez pas pris ce quiz